Statistics for 2023-24 NFL.. EVERY HB TO SCORE A TD

Click here to take the quiz!

General Stats

  • This quiz has been taken 59 times
  • The average score is 56 of 85

Answer Stats

HintAnswer% Correct
ATLBijan Robinson
93%
WASBrian Robinson Jr.
93%
ARIJames Conner
93%
BUFJames Cook
93%
GBAaron Jones
91%
KCClyde Edwards-Helaire
91%
NOTony Jones Jr.
91%
SFChristian McCaffrey
89%
BUFDamien Harris
89%
DETDavid Montgomery
89%
BALGus Edwards
89%
NOJamaal Williams
89%
DENJavonte Williams
89%
INDJonathan Taylor
89%
NEKevin Harris
89%
LARKyren Williams
89%
PITNajee Harris
89%
MIARaheem Mostert
89%
DETJahmyr Gibbs
87%
LVJosh Jacobs
87%
DALTony Pollard
87%
HOUDevin Singletary
85%
LAC
Austin Ekeler
85%
KCIsiah Pacheco
85%
CARMiles Sanders
85%
TBRachaad White
85%
NYGSaquon Barkley
85%
JAXTravis Etienne Jr.
85%
LVZamir White
85%
NEEzekiel Elliott
83%
NOAlvin Kamara
80%
PHID'Andre Swift
80%
TENDerrick Henry
80%
CINJoe Mixon
80%
NYJBreece Hall
78%
CARChuba Hubbard
78%
BALJ.K. Dobbins
78%
GBAJ Dillon
76%
HOUDameon Pierce
76%
MIADe'Von Achane
76%
SFElijah Mitchell
76%
BALKeaton Mitchell
76%
SEAKenneth Walker III
76%
MINAlexander Mattison
74%
LARCam Akers
72%
MINCam Akers
72%
INDZack Moss
72%
CHIRoschon Johnson
70%
BUFTy Johnson
70%
CLEKareem Hunt
67%
ATLTyler Allgeier
67%
WASAntonio Gibson
65%
PITJaylen Warren
65%
NERhamondre Stevenson
65%
ATLCordarrelle Patterson
61%
CLEJerome Ford
61%
BALJustice Hill
59%
CHIKhalil Herbert
59%
CHID'Onta Foreman
54%
DENSamaje Perine
52%
TENTyjae Spears
52%
KCJerick McKinnon
50%
LACJoshua Kelley
50%
PHIKenneth Gainwell
50%
SEAZach Charbonnet
50%
BUFLatavius Murray
48%
CINChase Brown
43%
NYGMatt Breida
39%
DALRico Dowdle
39%
MINTy Chandler
39%
DETCraig Reynolds
35%
LARDarrell Henderson Jr.
35%
BALMelvin Gordon III
30%
JAXTank Bigsby
30%
DENJaleel McLaughlin
28%
CHIDarrynton Evans
26%
ARIEmari Demercado
26%
NOKendre Miller
24%
CLEPierre Strong Jr.
22%
LARRoyce Freeman
22%
MIASalvon Ahmed
20%
WASChris Rodriguez Jr.
17%
SFJordan Mason
17%
ARIMichael Carter
17%
LVBrandon Bolden
11%

Score Distribution

Percentile by Number Answered

Percent of People with Each Score

Your Score History

You have not taken this quiz